TB. OF PEDIATRIC NURSING (Record no. 16563)

MARC details
000 -LEADER
fixed length control field 00317nam a22001457a 4500
003 - CONTROL NUMBER IDENTIFIER
control field SGT
020 ## - INTERNATIONAL STANDARD BOOK NUMBER
International Standard Book Number 978-81-312-3316-0
082 ## - DEWEY DECIMAL CLASSIFICATION NUMBER
Classification number 610.7362
Item number P13M
100 ## - MAIN ENTRY--PERSONAL NAME
Personal name MARLOW, DOROTHY R.
245 ## - TITLE STATEMENT
Title TB. OF PEDIATRIC NURSING
250 ## - EDITION STATEMENT
Edition statement SA
260 ## - PUBLICATION, DISTRIBUTION, ETC. (IMPRINT)
Place of publication, distribution, etc INDIA
Name of publisher, distributor, etc ELSEVIER
Year of Publication 2013
300 ## - PAGE DESCRIPTION
No. of Pages 1061
942 ## - ADDED ENTRY ELEMENTS (KOHA)
Source of classification or shelving scheme Dewey Decimal Classification
Koha item type Books
Holdings
Withdrawn status Lost status Source of classification or shelving scheme Damaged status Not for loan Collection code Home library Current library Shelving location Date acquired Vendor Name Cost, normal purchase price SGTU Bill Number Total Checkouts Full call number Accession No. (Barcode) Date last seen Bill Date Koha item type
    Dewey Decimal Classification     NURSING SGT Medical Library SGT Medical Library Text Book 21/01/2019 ABC 1870.00 SGTU 10396   610.7362 P13M FN3953 21/01/2019 21/01/2019 Books
    Dewey Decimal Classification     NURSING SGT Medical Library SGT Medical Library Text Book 21/01/2019 ABC 1870.00 SGTU 10396   610.7362 P13M FN3954 21/01/2019 21/01/2019 Books
    Dewey Decimal Classification     NURSING SGT Medical Library SGT Medical Library Text Book 21/01/2019 ABC 1870.00 SGTU 10396   610.7362 P13M FN3955 21/01/2019 21/01/2019 Books